[Event "Interclub A"]
[Site "Adelaide"]
[Date "2008.06.03"]
[Round "6.3"]
[White "Lidums, Aivars"]
[Black "Anderson-Smith, William"]
[Result "1/2-1/2"]
[WhiteElo "1583"]
[BlackElo "1573"]
[PlyCount "41"]
[EventDate "2008.04.29"]

1. c4 Nf6 2. Nf3 e6 3. d4 d5 4. Nc3 c6 5. e3 Nbd7 6. Bd3 dxc4 7. Bxc4 Be7 8.
O-O O-O 9. Re1 Bd6 10. e4 e5 11. h3 b5 12. Bb3 Bb7 13. a3 a6 14. d5 Nb6 15. Be3
cxd5 16. Bxb6 Qxb6 17. Nxd5 Nxd5 18. Bxd5 Rad8 19. Bxb7 Qxb7 20. Qe2 f6 21.
Red1 1/2-1/2

[Event "Interclub A"]
[Site "Adelaide"]
[Date "2008.06.03"]
[Round "6.4"]
[White "Eustace, Sophie"]
[Black "Atrens, Edvard"]
[Result "1-0"]
[WhiteElo "1452"]
[BlackElo "1397"]
[PlyCount "99"]
[EventDate "2008.04.29"]

1. e4 c5 2. Nf3 d6 3. d4 cxd4 4. Nxd4 Nf6 5. Nc3 a6 6. Be2 e5 7. Nf3 Be7 8. h3
O-O 9. O-O h6 10. Be3 Be6 11. a3 Qc7 12. Rc1 Rd8 13. Nd5 Bxd5 14. exd5 Nbd7 15.
c4 Rac8 16. Re1 Qb8 17. b4 b5 18. Nd2 Qb7 19. Bf3 bxc4 20. Nxc4 e4 21. Bf4 Qxd5
22. Qxd5 Nxd5 23. Bxd6 Bxd6 24. Bxe4 N7f6 25. Nxd6 Rxc1 26. Rxc1 Nf4 27. Rc6
Kf8 28. Rxa6 g6 29. Bf3 Ke7 30. Ne4 N6d5 31. Ra7+ Ke6 32. Nc5+ Kf6 33. Rd7 Rxd7
34. Nxd7+ Ke6 35. Nc5+ Kd6 36. Kf1 Nc3 37. Ne4+ Nxe4 38. Bxe4 Kc7 39. h4 Kb6
40. g3 Ne6 41. Bd3 Nd4 42. Ke1 f5 43. Kd2 Nc6 44. Kc3 Ne5 45. Kd4 Ng4 46. f3
Nf2 47. Ke3 Nd1+ 48. Kd2 Nf2 49. Ke2 Nh3 50. Kf1 1-0

[Event "Interclub A"]
[Site "Adelaide"]
[Date "2008.06.03"]
[Round "6.1"]
[White "Riches, L John"]
[Black "Zorkovic, Ante"]
[Result "0-1"]
[WhiteElo "1690"]
[BlackElo "1506"]
[PlyCount "114"]
[EventDate "2008.04.29"]

1. d4 c5 2. d5 Nf6 3. c4 Ne4 4. Nf3 g6 5. Qc2 Nd6 6. e4 Bg7 7. Bd3 O-O 8. e5
Ne8 9. O-O d6 10. Re1 e6 11. Nc3 a6 12. Bg5 Qc7 13. exd6 Qxd6 14. Rad1 e5 15.
Ne4 Qc7 16. Be2 Bf5 17. Bd3 Bg4 18. d6 Nxd6 19. Nxd6 Bxf3 20. gxf3 Qxd6 21. Be4
Qc7 22. Be3 Nd7 23. Qb3 Rab8 24. Rd2 f5 25. Bd5+ Kh8 26. Rd3 f4 27. Bd2 Nf6 28.
Bc3 Rfe8 29. Red1 h6 30. Qc2 Qe7 31. R3d2 Kh7 32. Be4 Nxe4 33. Qxe4 Qg5+ 34.
Kh1 Re7 35. Rd6 Qf5 36. Qd5 b6 37. Qc6 h5 38. Rd7 Rbe8 39. Qb7 Bf6 40. R1d5 Qh3
41. Kg1 Qxf3 42. Bxe5 Bh4 43. Bd4 Qg4+ 44. Kf1 Qd1+ 45. Kg2 Qg4+ 46. Kf1 f3 47.
Re5 Rxd7 48. Rxe8 Qg2+ 49. Ke1 Bxf2+ 50. Kd1 Qf1+ 51. Kc2 Qe2+ 52. Kb3 Qxe8 53.
Qxf3 Bxd4 54. Qc6 Qe3+ 55. Ka4 b5+ 56. cxb5 axb5+ 57. Kxb5 Qd3+ 0-1

[Event "Interclub A"]
[Site "Adelaide"]
[Date "2008.06.03"]
[Round "6.2"]
[White "Ivkovic, Novica"]
[Black "Djelaj, Pasko"]
[Result "1-0"]
[WhiteElo "1717"]
[BlackElo "1647"]
[PlyCount "117"]
[EventDate "2008.04.29"]

1. f4 e6 2. Nf3 d5 3. e3 Nf6 4. d4 a6 5. c4 c5 6. Nc3 Nc6 7. Be2 Be7 8. O-O
cxd4 9. exd4 O-O 10. Ne5 Qc7 11. c5 Nxd4 12. b4 Nc6 13. Nxc6 bxc6 14. Bd3 Bd7
15. Bb2 a5 16. a3 Rab8 17. Na2 Bxc5+ 18. Kh1 Be7 19. Be5 Qa7 20. Bxb8 Rxb8 21.
Qb3 c5 22. Qc2 c4 23. Be2 g6 24. Rfb1 Ra8 25. b5 Rb8 26. a4 Ne4 27. h3 Bf6 28.
Bf3 Ng3+ 29. Kh2 Bxa1 30. Rxa1 Nf5 31. Qd2 Qb6 32. Nc3 Be8 33. Re1 Nd4 34. Bg4
h5 35. Bd1 Nf5 36. g4 hxg4 37. hxg4 Ng7 38. Kg3 f5 39. Bf3 Bf7 40. Rh1 fxg4 41.
Bxg4 Rd8 42. Nd1 d4 43. Nf2 d3 44. Ne4 Qd4 45. Bf3 Nf5+ 46. Kg4 Rc8 47. Kg5 Kg7
48. Qxa5 c3 49. b6 Qd8+ 50. Kg4 Ne3+ 51. Kg3 Nd5 52. b7 Rb8 53. Qc5 c2 54. Ng5
Nf6 55. Qc3 Bg8 56. Rh7+ Kf8 57. Rc7 Ne8 58. Nh7+ Bxh7 59. Qh8+ 1-0

[Event "Interclub A"]
[Site "Adelaide"]
[Date "2008.06.03"]
[Round "6.3"]
[White "Paprzycki, Eryk"]
[Black "Miletic, Savo"]
[Result "1/2-1/2"]
[WhiteElo "1491"]
[BlackElo "1533"]
[PlyCount "84"]
[EventDate "2008.04.29"]

1. d4 d5 2. c4 e6 3. Nf3 c6 4. e3 Nf6 5. a4 Bb4+ 6. Bd2 Qa5 7. Bd3 Ne4 8. O-O
f5 9. Bxb4 Qxb4 10. Qc2 O-O 11. a5 Qd6 12. c5 Qc7 13. Ne5 Nd7 14. Nxd7 Bxd7 15.
f4 Rf6 16. Nd2 Rh6 17. Nf3 Rf8 18. Bxe4 fxe4 19. Ne5 Bc8 20. b4 a6 21. Rf2 Qe7
22. Qe2 Qh4 23. g3 Qh3 24. Rg2 Qh5 25. Kf1 Qxe2+ 26. Kxe2 Rh3 27. Rf1 Rf6 28.
Rff2 h5 29. g4 hxg4 30. Nxg4 Rg6 31. Ne5 Rxg2 32. Rxg2 Kf8 33. Kf2 Rh7 34. Kg3
Ke7 35. h4 Bd7 36. Kg4 Be8 37. Kh3 Kf6 38. Rg5 Bh5 39. Kg3 Ke7 40. Ng4 Be8 41.
f5 Bf7 42. Ne5 Be8 1/2-1/2

[Event "Interclub A"]
[Site "Adelaide"]
[Date "2008.06.03"]
[Round "6.4"]
[White "Lozic, Anto"]
[Black "Hill, Steven"]
[Result "1-0"]
[WhiteElo "1407"]
[BlackElo "1426"]
[PlyCount "85"]
[EventDate "2008.04.29"]

1. e4 c6 2. Nf3 d5 3. exd5 cxd5 4. c3 Nf6 5. d4 Nc6 6. Be2 e6 7. Bf4 Nh5 8. Be3
Bd6 9. O-O a6 10. a4 Nf4 11. Bxf4 Bxf4 12. g3 Bd6 13. b4 Bd7 14. Re1 O-O 15.
Bd3 Ne7 16. Qc2 Ng6 17. Nbd2 Rc8 18. Qb3 Re8 19. a5 e5 20. Bxg6 hxg6 21. Nxe5
Bxe5 22. Rxe5 Rxe5 23. dxe5 Be6 24. Rc1 d4 25. c4 Qg5 26. f4 Qg4 27. Qd3 Rd8
28. Qf3 Qxf3 29. Nxf3 Kf8 30. Kf2 Ke7 31. h4 Bg4 32. Nd2 Ke6 33. b5 axb5 34.
cxb5 Kd5 35. Rc7 Ra8 36. Nb3 Rc8 37. Rxc8 Bxc8 38. Nd2 Kc5 39. b6 Be6 40. Ke2
Bf5 41. Kf3 Kb4 42. a6 bxa6 43. b7 1-0

[Event "Interclub A"]
[Site "Adelaide"]
[Date "2008.06.10"]
[Round "7.2"]
[White "Vosvotekas, Ross"]
[Black "Ivkovic, Novica"]
[Result "1-0"]
[WhiteElo "1649"]
[BlackElo "1717"]
[PlyCount "67"]
[EventDate "2008.04.29"]

1. e4 d5 2. e5 f6 3. d4 Bf5 4. Nf3 e6 5. Nc3 c5 6. Bb5+ Nc6 7. O-O Qb6 8. Bxc6+
bxc6 9. Na4 Qa5 10. c3 Bg4 11. Nxc5 fxe5 12. b4 Qc7 13. dxe5 Bxc5 14. bxc5 Bxf3
15. Qxf3 Qxe5 16. Bf4 Qf5 17. g4 Qg6 18. Kh1 Nf6 19. Rae1 Ne4 20. Qe3 h6 21. f3
Ng5 22. Bxg5 hxg5 23. Qxe6+ Qxe6 24. Rxe6+ Kf7 25. Rfe1 Rhe8 26. Rxe8 Rxe8 27.
Rxe8 Kxe8 28. Kg2 Ke7 29. Kg3 Ke6 30. f4 d4 31. cxd4 Kd5 32. fxg5 Kxd4 33. h4
Kxc5 34. h5 1-0

[Event "Interclub A"]
[Site "Adelaide"]
[Date "2008.06.10"]
[Round "7.4"]
[White "Cameron, Alistair"]
[Black "Lozic, Anto"]
[Result "1-0"]
[WhiteElo "1417"]
[BlackElo "1407"]
[PlyCount "43"]
[EventDate "2008.04.29"]

1. d4 d5 2. c4 dxc4 3. Nf3 c6 4. e4 b5 5. a4 Bb7 6. Be2 e6 7. O-O a6 8. b3 cxb3
9. Qxb3 Be7 10. Bf4 Nf6 11. Nbd2 O-O 12. Rfd1 b4 13. Bd3 a5 14. Rac1 Nbd7 15.
Nc4 Re8 16. Bd6 Nb6 17. Bxe7 Rxe7 18. e5 Nfd5 19. Nd6 Qb8 20. Bxh7+ Kxh7 21.
Ng5+ Kg8 22. Qh3 1-0

[Event "Interclub A"]
[Site "Adelaide"]
[Date "2008.06.10"]
[Round "7.1"]
[White "Kerr, Bill"]
[Black "Riches, L John"]
[Result "1-0"]
[WhiteElo "1958"]
[BlackElo "1690"]
[PlyCount "43"]
[EventDate "2008.04.29"]

1. d4 Nf6 2. Bg5 d6 3. Bxf6 gxf6 4. c4 Bf5 5. Nc3 Nd7 6. e4 Bg6 7. Nge2 f5 8.
h4 h5 9. exf5 Bxf5 10. Ng3 Bg6 11. Bd3 e6 12. Bxg6 fxg6 13. Qd3 Rg8 14. Qe4 Qe7
15. Qxb7 Rb8 16. Qxc7 Rxb2 17. O-O Qxh4 18. Rfe1 e5 19. dxe5 Nxe5 20. Nb5 Qe7
21. Nxd6+ Qxd6 22. Rxe5+ 1-0

[Event "Interclub A"]
[Site "Adelaide"]
[Date "2008.06.10"]
[Round "7.2"]
[White "Djelaj, Pasko"]
[Black "Jelic, Mato"]
[Result "0-1"]
[WhiteElo "1647"]
[BlackElo "1741"]
[PlyCount "68"]
[EventDate "2008.04.29"]

1. d4 Nf6 2. c4 e5 3. d5 Bc5 4. Nc3 d6 5. e3 O-O 6. Be2 c6 7. Nf3 cxd5 8. cxd5
Bg4 9. O-O a6 10. a3 Nbd7 11. b4 Ba7 12. h3 Bh5 13. Bb2 Nb6 14. e4 Bxf3 15.
Bxf3 Nc4 16. Bc1 Bd4 17. Bd2 Nxd2 18. Qxd2 a5 19. b5 a4 20. Rab1 Qa5 21. Rfc1
Rfc8 22. Rb4 Qc7 23. Ne2 Bc5 24. Rbc4 Qb6 25. Ng3 Qxb5 26. Nf5 Bxf2+ 27. Qxf2
Rxc4 28. Rxc4 Qxc4 29. Qg3 Ne8 30. Qh4 Qc1+ 31. Kf2 Nf6 32. g3 Kf8 33. Kg2 Qd2+
34. Kh1 Rc8 0-1

[Event "Interclub A"]
[Site "Adelaide"]
[Date "2008.06.10"]
[Round "7.3"]
[White "Anderson-Smith, William"]
[Black "Paprzycki, Eryk"]
[Result "0-1"]
[WhiteElo "1573"]
[BlackElo "1491"]
[PlyCount "68"]
[EventDate "2008.04.29"]

1. d4 d5 2. c4 Nf6 3. cxd5 Nxd5 4. e4 Nf6 5. Bd3 e6 6. Nf3 Be7 7. O-O h6 8. Nc3
b6 9. Bf4 Bb7 10. Rc1 c6 11. Qe2 Nbd7 12. Rfd1 g5 13. Be3 Ng4 14. d5 exd5 15.
exd5 Nxe3 16. Qxe3 O-O 17. dxc6 Bxc6 18. Bf5 Bc5 19. Qe2 Qc7 20. Bxd7 Bxd7 21.
Nd5 Qb7 22. Nf6+ Kg7 23. Nxd7 Rfe8 24. Nde5 Re7 25. Qb5 Rae8 26. Rd7 Qc8 27.
Rcd1 f6 28. Rxe7+ Rxe7 29. Nd3 a6 30. Qb3 Bd6 31. Nde1 Bc5 32. Qd3 Qe6 33. Kf1
Qxa2 34. b3 Qxf2# 0-1

[Event "Interclub A"]
[Site "Adelaide"]
[Date "2008.06.10"]
[Round "7.4"]
[White "Hill, Steven"]
[Black "Eustace, Sophie"]
[Result "1/2-1/2"]
[WhiteElo "1426"]
[BlackElo "1452"]
[PlyCount "76"]
[EventDate "2008.04.29"]

1. e4 c5 2. Nf3 Nc6 3. d4 cxd4 4. Nxd4 Nf6 5. Nc3 e6 6. Be2 Bb4 7. Bg5 Qa5 8.
Nxc6 Bxc3+ 9. bxc3 Qxc3+ 10. Bd2 Qxc6 11. e5 Nd5 12. O-O Nc3 13. Bf3 Nxd1 14.
Bxc6 dxc6 15. Rfxd1 O-O 16. Bb4 Re8 17. c4 b6 18. Bd6 Ba6 19. Rac1 Red8 20. a4
Rd7 21. f4 Rad8 22. Kf2 f6 23. Ke3 Kf7 24. h4 Kg6 25. g4 h5 26. g5 fxe5 27.
fxe5 Rf7 28. Rd4 Rdd7 29. Rf4 Rxf4 30. Kxf4 Rf7+ 31. Ke3 Kf5 32. Rf1+ Kg6 33.
Rxf7 Kxf7 34. Bb8 Bxc4 35. Bxa7 Bb3 36. Bxb6 Bxa4 37. Bc5 Kg6 38. Kf4 Kf7
1/2-1/2

[Event "Interclub A"]
[Site "Adelaide"]
[Date "2008.06.10"]
[Round "7.1"]
[White "Mdinaradze, Edgar"]
[Black "Zaric, Srboljub"]
[Result "0-1"]
[WhiteElo "1908"]
[BlackElo "2101"]
[PlyCount "78"]
[EventDate "2008.04.29"]

1. d4 Nf6 2. Nf3 g6 3. g3 Bg7 4. Bg2 O-O 5. O-O d6 6. Nbd2 Nc6 7. c3 Bf5 8. Re1
Qd7 9. Nc4 b5 10. d5 Nd8 11. Ncd2 a5 12. e4 Bg4 13. a4 e5 14. axb5 Qxb5 15. b4
Nb7 16. Bf1 Qd7 17. b5 Nh5 18. Qc2 Bh6 19. Nh4 Bg5 20. Ng2 f5 21. f3 Bh3 22.
Nb3 f4 23. c4 a4 24. Nd2 fxg3 25. hxg3 Nxg3 26. Kh2 Nxf1+ 27. Rxf1 Nc5 28. Rf2
Nb3 29. Nxb3 axb3 30. Qb1 Bxc1 31. Qxc1 Rxa1 32. Qxa1 Bxg2 33. Kxg2 Qd8 34. Qc1
Rf4 35. Qc3 Rh4 36. Qe3 Rh5 37. Kf1 b2 38. Rxb2 Rh1+ 39. Ke2 Rh2+ 0-1

[Event "Interclub A"]
[Site "Adelaide"]
[Date "2008.06.10"]
[Round "7.2"]
[White "Hoff, Michael"]
[Black "Juszczynski, Mathew"]
[Result "1-0"]
[WhiteElo "1840"]
[BlackElo "1906"]
[PlyCount "111"]
[EventDate "2008.04.29"]

1. e4 c5 2. c3 d6 3. d4 g6 4. dxc5 dxc5 5. Qxd8+ Kxd8 6. Nf3 Bg7 7. Bc4 e6 8.
Be3 Nd7 9. O-O Ngf6 10. Nbd2 b6 11. Bb5 Bb7 12. Rad1 a6 13. Bxd7 Nxd7 14. Nc4
Ke7 15. Rxd7+ Kxd7 16. Nxb6+ Kc6 17. Nxa8 Bxa8 18. e5 Rd8 19. Ng5 Rd7 20. f4 h6
21. Ne4 Bf8 22. c4 Be7 23. Kf2 Bb7 24. g3 Kb6 25. Nc3 Ka5 26. a3 Ba8 27. Ke2 h5
28. Bd2 Kb6 29. Na4+ Kc6 30. Be3 Bb7 31. h3 Rd8 32. Rd1 Rxd1 33. Kxd1 Ba8 34.
Kc2 Bb7 35. Kc3 a5 36. Bd2 Bd8 37. Kd3 Ba6 38. Nc3 Kb6 39. Be3 Be7 40. b4 axb4
41. axb4 Kc7 42. b5 Bb7 43. Na4 h4 44. gxh4 Bg2 45. Bxc5 Bxh4 46. Be3 Bxh3 47.
Kd4 Be7 48. Bd2 Bf1 49. Ba5+ Kb7 50. Nc5+ Bxc5+ 51. Kxc5 Be2 52. Kb4 Bf3 53. c5
Be4 54. c6+ Kc8 55. Kc5 Bd3 56. b6 1-0

[Event "Interclub A"]
[Site "Adelaide"]
[Date "2008.06.10"]
[Round "7.3"]
[White "Lang, Grahame"]
[Black "Lidums, Aivars"]
[Result "1/2-1/2"]
[WhiteElo "1703"]
[BlackElo "1583"]
[PlyCount "60"]
[EventDate "2008.04.29"]

1. e4 c5 2. Nf3 Nc6 3. d4 cxd4 4. c3 Nf6 5. e5 Nd5 6. cxd4 d6 7. Bc4 e6 8. O-O
Nb6 9. Bb3 d5 10. Nc3 Be7 11. a3 O-O 12. Qd3 f5 13. exf6 Bxf6 14. Bc2 g6 15.
Bh6 Bg7 16. Bxg7 Kxg7 17. Ne2 Nc4 18. b3 Nd6 19. Rad1 Qf6 20. Ng3 Kh8 21. Qd2
Bd7 22. Rfe1 Rac8 23. Bb1 Nb5 24. a4 Nd6 25. h4 Qf4 26. h5 Kg7 27. hxg6 hxg6
28. Qd3 Qh6 29. Qe3 Nf5 30. Nxf5+ gxf5 1/2-1/2

[Event "Interclub A"]
[Site "Adelaide"]
[Date "2008.06.10"]
[Round "7.4"]
[White "Atrens, Edvard"]
[Black "Staak, Eric"]
[Result "0-1"]
[WhiteElo "1397"]
[BlackElo "1473"]
[PlyCount "94"]
[EventDate "2008.04.29"]

1. e4 e5 2. Nf3 Nc6 3. Bb5 Nf6 4. O-O Nxe4 5. d4 Nd6 6. Bxc6 dxc6 7. dxe5 Nf5
8. Qxd8+ Kxd8 9. Nc3 Bd7 10. Bf4 Kc8 11. Rad1 b6 12. a3 h6 13. h3 g5 14. Bh2
Rg8 15. Rd2 Be7 16. Rfd1 Be6 17. g4 Nh4 18. Nxh4 gxh4 19. Bf4 Bxg4 20. Re1
Bxh3+ 21. Kh2 Be6 22. Bxh6 Kb7 23. Ne2 Rg6 24. Be3 Bf5 25. Nd4 Be4 26. f3 Bd5
27. Nf5 Bg5 28. f4 Be6 29. Nd4 Rag8 30. fxg5 Bd5 31. Bf4 a6 32. Nf5 Rxg5 33.
Bxg5 Rxg5 34. Rxd5 cxd5 35. Nxh4 d4 36. Nf3 Rh5+ 37. Kg3 c5 38. Re4 Rh1 39. Rf4
Rc1 40. Rxf7+ Kc6 41. Rf6+ Kc7 42. Rf7+ Kc6 43. e6 Rxc2 44. Kf4 d3 45. e7 Kd7
46. Rh7 d2 47. Ke3 d1=Q 0-1

[Event "Interclub A"]
[Site "Adelaide"]
[Date "2008.06.10"]
[Round "7.1"]
[White "Zulfic, Fedja"]
[Black "Hubczenko, Ilya"]
[Result "1-0"]
[WhiteElo "1862"]
[BlackElo "1576"]
[PlyCount "101"]
[EventDate "2008.04.29"]

1. d4 Nf6 2. Nf3 e6 3. e3 b6 4. Bd3 Bb7 5. O-O g6 6. c4 Bg7 7. Nc3 d6 8. b3 Nc6
9. Bb2 Nb4 10. Be2 O-O 11. a3 Nc6 12. b4 d5 13. c5 Ne7 14. Qb3 a6 15. a4 c6 16.
cxb6 Qxb6 17. a5 Qc7 18. Rfc1 Qb8 19. Ne5 Rd8 20. Na4 Ne4 21. Nd3 Nc8 22. Rc2
h5 23. Rac1 h4 24. Ndc5 Nxc5 25. Nxc5 Ne7 26. e4 dxe4 27. Nxe6 Rd6 28. Nxg7 Nd5
29. Nh5 gxh5 30. Bc4 Qe8 31. Bxd5 cxd5 32. Qh3 Rc6 33. Rxc6 Bxc6 34. Qxh4 Bb5
35. Qxh5 Bc4 36. Rc3 Kf8 37. b5 Ke7 38. Qe5+ Kd7 39. Qxe8+ Rxe8 40. b6 f5 41.
Bc1 Kc6 42. Bf4 Re7 43. Bc7 Rf7 44. h4 f4 45. Kh2 Kb7 46. h5 Bd3 47. Be5 Bc4
48. h6 f3 49. g4 Rh7 50. g5 Kc6 51. Bg7 1-0

[Event "Interclub A"]
[Site "Adelaide"]
[Date "2008.06.10"]
[Round "7.3"]
[White "Short, Andrew"]
[Black "Glascott, Brent"]
[Result "1-0"]
[WhiteElo "1703"]
[BlackElo "1178"]
[PlyCount "121"]
[EventDate "2008.04.29"]

1. e4 e5 2. Nf3 Nc6 3. Bb5 Nge7 4. c3 d6 5. d4 exd4 6. cxd4 Bd7 7. O-O Ng6 8.
Nc3 Be7 9. Nd5 O-O 10. Re1 Bg4 11. Bxc6 bxc6 12. Ne3 Bd7 13. Bd2 Nh4 14. Nxh4
Bxh4 15. g3 Be7 16. Qc2 Bf6 17. Bc3 Re8 18. f3 h5 19. f4 Rb8 20. Rad1 Qc8 21.
e5 dxe5 22. dxe5 Be7 23. b3 Bc5 24. Bd4 Bxd4 25. Rxd4 Bg4 26. Nxg4 Qxg4 27.
Qxc6 h4 28. Qc3 hxg3 29. Qxg3 Qf5 30. Qd3 Qg4+ 31. Kh1 Qh4 32. Rg1 Rbd8 33.
Rxd8 Rxd8 34. Qg3 Qh7 35. f5 Rd4 36. e6 fxe6 37. Qxc7 Qh6 38. Qc8+ Kh7 39. Qxe6
Qxe6 40. fxe6 Re4 41. Kg2 Rxe6 42. Kf3 Ra6 43. Rg2 Ra3 44. Ke4 a5 45. Kd4 a4
46. b4 Rh3 47. b5 Rh4+ 48. Kc5 Rh5+ 49. Kb4 a3 50. b6 Re5 51. Kxa3 Re3+ 52. Kb4
Re4+ 53. Kc5 Re5+ 54. Kd6 Rb5 55. Kc6 Rb4 56. Rc2 Rf4 57. b7 Rf6+ 58. Kc7 Rf7+
59. Kb6 Rf6+ 60. Rc6 Rf8 61. a4 1-0

[Event "Interclub A"]
[Site "Adelaide"]
[Date "2008.06.10"]
[Round "7.4"]
[White "Atrens, Karlis"]
[Black "Turcaj, Pavel"]
[Result "0-1"]
[WhiteElo "1166"]
[BlackElo "1566"]
[PlyCount "76"]
[EventDate "2008.04.29"]

1. c4 e5 2. g3 Nc6 3. Bg2 Nf6 4. Nc3 Bc5 5. d3 O-O 6. Bg5 h6 7. Bxf6 Qxf6 8. e3
Bb4 9. Nge2 b6 10. O-O Bb7 11. Nd5 Qd6 12. a3 Bc5 13. b4 Nxb4 14. axb4 Bxb4 15.
Ne7+ Qxe7 16. Bxb7 Rab8 17. Rxa7 Ba5 18. Qa4 Qd6 19. Bg2 Qxd3 20. Nc1 Qc3 21.
Rxc7 b5 22. Qa2 Bxc7 23. cxb5 Rxb5 24. Be4 Qa5 25. Qe2 d5 26. Bd3 Rbb8 27. Rd1
e4 28. Bc2 Rbd8 29. Nb3 Qb6 30. Nd4 Be5 31. Qd2 Bxd4 32. exd4 Rc8 33. Rb1 Qc6
34. Rb2 Qc3 35. Bb3 Qxd2 36. Rxd2 Rfd8 37. Ra2 Rb8 38. Bd1 Rb1 0-1

[Event "Interclub A"]
[Site "Adelaide"]
[Date "2008.06.10"]
[Round "7.1"]
[White "Cloudsdale, Colin"]
[Black "Jackson, Ralph E"]
[Result "1-0"]
[WhiteElo "1962"]
[BlackElo "1901"]
[PlyCount "75"]
[EventDate "2008.04.29"]

1. e4 g6 2. d4 Bg7 3. Nf3 d6 4. Bc4 Nf6 5. Qe2 c6 6. O-O O-O 7. h3 b5 8. Bd3 a6
9. b3 Qc7 10. Bb2 Nh5 11. Qe3 e5 12. dxe5 dxe5 13. Rd1 Nf4 14. Bf1 a5 15. Na3
Na6 16. Rd2 Ne6 17. Rad1 Nac5 18. Rd6 Nb7 19. R6d2 Rd8 20. Nb1 Rxd2 21. Qxd2 f6
22. Nc3 Bf8 23. a4 b4 24. Nb1 Nbc5 25. Qe1 Ba6 26. Nbd2 Bxf1 27. Qxf1 Rd8 28.
Qc4 Qd6 29. Re1 Bh6 30. Nf1 Kf8 31. Bc1 Bxc1 32. Rxc1 Nf4 33. Ne3 Nxe4 34. Rd1
Qxd1+ 35. Nxd1 Rxd1+ 36. Kh2 Nd6 37. Qxc6 Rd2 38. Nxd2 1-0

[Event "Interclub A"]
[Site "Adelaide"]
[Date "2008.06.10"]
[Round "7.2"]
[White "Haydn, Gavin"]
[Black "Milton, Anthony W"]
[Result "0-1"]
[WhiteElo "1551"]
[BlackElo "1500"]
[PlyCount "70"]
[EventDate "2008.04.29"]

1. e4 c5 2. Nf3 d6 3. d4 cxd4 4. Nxd4 Nf6 5. Nc3 g6 6. Be3 Bg7 7. Be2 O-O 8. f3
a6 9. Qd2 b5 10. a3 Bb7 11. g4 Nc6 12. Nxc6 Bxc6 13. h4 Qa5 14. b4 Qc7 15. Bh6
Bxh6 16. Qxh6 Bxe4 17. Nxe4 Nxe4 18. fxe4 Qc3+ 19. Kf2 Qxc2 20. Qe3 Rfc8 21.
Rhc1 Qb2 22. Rab1 Qe5 23. Rxc8+ Rxc8 24. Rc1 Qh2+ 25. Ke1 Qh1+ 26. Bf1 Qxh4+
27. Kd2 Rxc1 28. Kxc1 Qxg4 29. a4 Qc8+ 30. Kb2 bxa4 31. Ka3 Qc6 32. Be2 h5 33.
Bd1 h4 34. Bxa4 Qc8 35. Bb3 h3 0-1

[Event "Interclub A"]
[Site "Adelaide"]
[Date "2008.06.10"]
[Round "7.3"]
[White "Griggs, James"]
[Black "Hatch, John"]
[Result "1/2-1/2"]
[WhiteElo "1464"]
[BlackElo "1466"]
[PlyCount "63"]
[EventDate "2008.04.29"]

1. g3 d5 2. Bg2 e5 3. d3 Nf6 4. Nc3 c6 5. Nf3 Nbd7 6. e4 d4 7. Ne2 Be7 8. c3 c5
9. O-O O-O 10. Ne1 h6 11. f4 exf4 12. Nxf4 Ne5 13. Nf3 Bg4 14. Qc2 Nxf3+ 15.
Bxf3 Bxf3 16. Rxf3 Ng4 17. Ne2 Ne5 18. Rf5 Bf6 19. Bd2 Rc8 20. Raf1 c4 21. dxc4
d3 22. Qd1 dxe2 23. Qxe2 Nxc4 24. Bxh6 Qb6+ 25. Kh1 Qxb2 26. Qg4 Ne5 27. Qf4
Ng6 28. Qg4 Qxc3 29. h4 Ne5 30. Qf4 Ng6 31. Qg4 Ne5 32. Qf4 1/2-1/2

[Event "Interclub A"]
[Site "Adelaide"]
[Date "2008.06.10"]
[Round "7.4"]
[White "Bortsova, Natasha"]
[Black "Davey, Timothy"]
[Result "1-0"]
[WhiteElo "1102"]
[BlackElo "1325"]
[PlyCount "59"]
[EventDate "2008.04.29"]

1. d4 d5 2. Nf3 Nf6 3. Bf4 Nc6 4. e3 Nh5 5. Be5 e6 6. Bb5 Bd7 7. Nbd2 Qe7 8.
Bxc7 Qb4 9. Bxc6 Bxc6 10. Rb1 Rc8 11. c3 Qe7 12. Be5 f6 13. Bg3 Nxg3 14. hxg3
Bb5 15. Qc2 g6 16. a4 Ba6 17. b4 b5 18. Qd3 Qb7 19. a5 Qc7 20. Rc1 Bxb4 21. e4
Bxa5 22. exd5 Bxc3 23. dxe6 Bxd2+ 24. Kxd2 Qa5+ 25. Ke3 O-O 26. Qb3 Rfe8 27.
e7+ Kg7 28. Rxh7+ Kxh7 29. Qf7+ Kh6 30. Rh1# 1-0

[Event "Interclub A"]
[Site "Adelaide"]
[Date "2008.06.17"]
[Round "8.1"]
[White "Goldsmith, Alan"]
[Black "Jackson, Ralph E"]
[Result "0-1"]
[WhiteElo "2030"]
[BlackElo "1901"]
[PlyCount "85"]
[EventDate "2008.04.29"]

1. e4 g6 2. d4 Bg7 3. Nc3 c6 4. Bc4 d5 5. exd5 b5 6. Bb3 b4 7. Ne4 cxd5 8. Qf3
Bf5 9. Nc5 Nf6 10. Bg5 Ne4 11. O-O-O O-O 12. h4 Nc6 13. Ne2 a5 14. Na4 Rc8 15.
g4 Nxg5 16. hxg5 Be4 17. Qh3 Bxh1 18. Rxh1 Re8 19. Qxh7+ Kf8 20. f4 e5 21. dxe5
Nxe5 22. fxe5 Qxg5+ 23. Kb1 Qxg4 24. Nb6 Rxe5 25. Nxc8 Qxe2 26. Qh4 g5 27. Qg3
Qa6 28. Qh3 a4 29. Bxa4 Qf6 30. Qb3 Re4 31. Bd7 Qe5 32. a3 Qc7 33. Bf5 Rf4 34.
Re1 Be5 35. Qh3 bxa3 36. Qxa3+ Kg7 37. Qe7 Rxf5 38. Qe8 Qb8 39. b3 Bc3 40. Rh1
Qh2 41. Rc1 Qc7 42. Ne7 Re5 43. Qg8+ 0-1

[Event "Interclub A"]
[Site "Adelaide"]
[Date "2008.06.17"]
[Round "8.2"]
[White "Haydn, Gavin"]
[Black "Vosvotekas, Ross"]
[Result "0-1"]
[WhiteElo "1551"]
[BlackElo "1649"]
[PlyCount "62"]
[EventDate "2008.04.29"]

1. d4 Nf6 2. c4 c5 3. d5 e6 4. Nc3 exd5 5. cxd5 d6 6. e4 g6 7. f4 a6 8. e5 Nh5
9. Nf3 Bg4 10. Qa4+ Nd7 11. Ng5 h6 12. h3 Ng3 13. hxg4 b5 14. Qc2 Nxh1 15. Bd3
Qe7 16. Be3 hxg5 17. Bxb5 gxf4 18. O-O-O fxe3 19. Bc6 Bh6 20. Rxh1 e2+ 21. Kb1
Rb8 22. Qxe2 Qxe5 23. Qd1 Kd8 24. Re1 Qf6 25. Bxd7 Kxd7 26. Qa4+ Kd8 27. Qxa6
Bd2 28. Qa5+ Kc8 29. Qa6+ Rb7 30. Qc6+ Kb8 31. Nb5 Bxe1 0-1

[Event "Interclub A"]
[Site "Adelaide"]
[Date "2008.06.17"]
[Round "8.3"]
[White "Cooke, Tristrom"]
[Black "Hatch, John"]
[Result "0-1"]
[WhiteElo "1558"]
[BlackElo "1466"]
[PlyCount "62"]
[EventDate "2008.04.29"]

1. e4 c5 2. Bc4 Nc6 3. Nf3 e6 4. Nc3 d6 5. d4 cxd4 6. Nxd4 Nf6 7. O-O Be7 8.
Be3 O-O 9. f3 Na5 10. Bd3 Nc6 11. Bb5 Nxd4 12. Bxd4 a6 13. Bd3 e5 14. Be3 Be6
15. Qe2 b5 16. a3 Rc8 17. Rad1 Qc7 18. Qf2 d5 19. exd5 Nxd5 20. Nxd5 Bxd5 21.
Bxh7+ Kxh7 22. Rxd5 Qxc2 23. Rxe5 Bf6 24. Rh5+ Kg8 25. Qxc2 Rxc2 26. Rf2 Rxb2
27. Rxb2 Bxb2 28. Bc5 Rd8 29. Rh4 Rd1+ 30. Kf2 Ra1 31. a4 Rxa4 0-1

[Event "Interclub A"]
[Site "Adelaide"]
[Date "2008.06.17"]
[Round "8.4"]
[White "Bortsova, Natasha"]
[Black "Cameron, Alistair"]
[Result "0-1"]
[WhiteElo "1102"]
[BlackElo "1417"]
[PlyCount "70"]
[EventDate "2008.04.29"]

1. d4 Nf6 2. c4 g6 3. Nf3 d5 4. Nc3 Bg7 5. Bf4 O-O 6. e3 dxc4 7. Bxc4 c5 8. Nb5
Qa5+ 9. Qd2 Qxd2+ 10. Kxd2 Ne4+ 11. Ke2 cxd4 12. Nc7 dxe3 13. Kxe3 Nd6 14. Bxd6
exd6 15. Nxa8 Bf5 16. Nc7 Rc8 17. Nd5 Rxc4 18. Ne7+ Kf8 19. Nxf5 gxf5 20. Rhd1
Re4+ 21. Kd2 Bh6+ 22. Kc3 Bg7+ 23. Kb3 Na6 24. Rac1 Rb4+ 25. Kc2 Rxb2+ 26. Kd3
b5 27. Rc8+ Ke7 28. Rg8 Nc5+ 29. Ke3 Bh6+ 30. Kd4 Rxa2 31. Re1+ Ne6+ 32. Kc3
Rxf2 33. g3 Rxf3+ 34. Kb4 Bd2+ 35. Kxb5 Bxe1 0-1

[Event "Interclub A"]
[Site "Adelaide"]
[Date "2008.06.17"]
[Round "8.1"]
[White "Hubczenko, Ilya"]
[Black "Cloudsdale, Colin"]
[Result "1/2-1/2"]
[WhiteElo "1576"]
[BlackElo "1962"]
[PlyCount "72"]
[EventDate "2008.04.29"]

1. e4 c5 2. Nf3 Nc6 3. Bb5 e6 4. Bxc6 bxc6 5. Nc3 d5 6. e5 Rb8 7. d3 Ne7 8. Rb1
Nf5 9. O-O Be7 10. Ne2 O-O 11. b3 c4 12. Ned4 Nxd4 13. Nxd4 Qb6 14. dxc4 Ba6
15. Be3 Bc5 16. Re1 Rfd8 17. b4 Bxd4 18. Bxd4 Qc7 19. cxd5 Rxd5 20. Qg4 Rbd8
21. c3 Bd3 22. Rbd1 Bf5 23. Qe2 Qd7 24. Qa6 Bc2 25. Rd2 c5 26. bxc5 Ba4 27. Rb2
Bc6 28. h3 h6 29. Reb1 Qc7 30. Qe2 Kh7 31. Re1 R5d7 32. Qg4 Rb8 33. Reb1 Rdd8
34. Rxb8 Rxb8 35. Rxb8 Qxb8 36. Qe2 Kg8 1/2-1/2